1282 1174 1893 1855 1633 1759 1891 1629 1774 1958 1535 1984 1135 1611 1592 1859 1838 1843 1597 1167 1795 1902 1233 1895 1335 1160 1758 1450 1850 1394 1949 1314 1285 1517 1855 1111 1610 1335 1544 1850 1082 1749 1153 1734 1260 1443 1380 1996 1915 1548 1195 1420 1673 1649 1986 1095 1508 1908 1043 1664 1769 1512 1864 1815 1019 1548 1022 1019 1723 1911 1167 1776 1851 1336 1323 1198 1106 1241 1217 1749 1419 1451 1265 1135 1139 1696 1053 1983 1153 1799 1319 1568 1707 1396 1865 1161 1441 1725 1084 BCNSPRNW ULIB Ver.6.0+V

เปลี่ยนเป็นภาษาไทย

Change to English
 แสดงรายละเอียดบรรณานุกรม
  กลับหน้าหลัก

Brief Record : Get Marc (ISO 2709) : E-mail record : QR code < ปิดหน้าต่าง
LEADER : 00000nam 2200000uu 4500
001    13399112402
003     ULIB
008    110810s2552||||th 000 0 tha d
020    9789742357436
050  4 HF5734.5^bก636ค 2552
100 0  กิจคณิตพงศ์ อินทอง
245 10 เคล็ดลับการประชุมอย่างมืออาชีพ /^cกิจคณิตพงศ์ อินทอง
250    พิมพ์ครั้งที่ 1
260    กรุงเทพฯ :^bศรีเสน่ห์การพิมพ์,^c2552
300    112 หน้า
650  7 การประชุม
945    ^p145^l0^i027032
945    ^p145^l0^i027033
949    ทศพร
999 ^a ทศพร
รายการนี้ยังไม่มีแท็ก
คุณยังไม่ได้ล็อกอิน คุณสามารถมีกิจกรรมร่วมกับเว็บไซต์ได้ แต่ต้องล็อกอินก่อน ::
  ล็อกอิน

รายการสื่อสารสนเทศ

ลำดับที่ ประเภท เลขเรียก/บาร์โค้ด สถานที่ สถานะ
- ไม่พบข้อมูล -

รายการใกล้เคียง
    หัวเรื่อง [การประชุม]

BibComment


ยังไม่เคยถูกคอมเมนท์

คอมเมนท์ทรัพยากรรายการนี้
  คอมเมนท์: เคล็ดลับการประชุม..


 Copyright 2026. Bcnsprnw @Library